[Event "Torch Real Estate Cup"]
[Site "Xiapu CHN"]
[Date "2005.06.23"]
[Round "16"]
[White "Yang Ning"]
[Black "Wang Doudou"]
[Result "1-0"]
[WhiteElo "2164"]
[BlackElo "2143"]

1.d4 Nf6 2.c4 g6 3.Nc3 Bg7 4.e4 d6 5.Nf3 O-O 6.Be2 e5 7.O-O Nc6 8.d5 Ne7
9.Nd2 Nd7 10.b4 f5 11.c5 Nf6 12.f3 f4 13.Nc4 g5 14.Ba3 Ne8 15.b5 dxc5 16.Bxc5 Nd6
17.b6 axb6 18.Bxd6 cxd6 19.Qb3 Ng6 20.Qxb6 Ra6 21.Qxd8 Rxd8 22.Rab1 Bf8 23.Nb6 Ra5
24.Rfc1 Bd7 25.Bb5 Bxb5 26.Rxb5 Ra6 27.Nca4 Re8 28.Rb4 h5 29.Rc7 Re7 30.Rbc4 g4
31.Kf2 Ra7 32.Nc3 Rxc7 33.Rxc7 Be7 34.a4 Kf8 35.Nb5 Ra6 36.Rxb7 Bd8 37.Rb8 Ke7
38.Nc8+ Kd7 39.Ncxd6 Rxd6 40.Rxd8+ Kxd8 41.Nxd6 Ke7 42.Nc4 gxf3 43.Kxf3  1-0

[Event "Torch Real Estate Cup"]
[Site "Xiapu CHN"]
[Date "2005.06.23"]
[Round "16"]
[White "Wang Rui"]
[Black "Sun Chuyao"]
[Result "0-1"]
[WhiteElo "2457"]
[BlackElo "2224"]

1.d4 Nf6 2.c4 g6 3.Nc3 Bg7 4.e4 d6 5.Nf3 O-O 6.Be2 e5 7.O-O Nc6 8.d5 Ne7
9.b4 Nh5 10.Re1 f5 11.Ng5 Nf4 12.Bxf4 exf4 13.Rc1 Bf6 14.Ne6 Bxe6 15.dxe6 Bxc3
16.Rxc3 fxe4 17.Bg4 a5 18.b5 c6 19.bxc6 bxc6 20.Rxe4 d5 21.cxd5 cxd5 22.Re1 Qd6
23.Qd4 Rac8 24.Rb3 Rc4 25.Qa7 Qc5 26.Rb7 Re8 27.h3 Kg7 28.Qa6 Rc2 29.Be2 Rxe2  0-1

[Event "White Nights"]
[Site "St Petersburg RUS"]
[Date "2005.06.24"]
[Round "7"]
[White "Nikolaev,Y"]
[Black "Kononov,V"]
[Result "1-0"]
[WhiteElo "2080"]
[BlackElo "2173"]

1.Nf3 Nf6 2.c4 g6 3.Nc3 Bg7 4.e4 d6 5.d4 O-O 6.Be2 e5 7.O-O Nc6 8.d5 Ne7
9.Nd2 Nd7 10.b4 f5 11.c5 Nf6 12.f3 f4 13.Nc4 h5 14.Nb5 Ne8 15.Bd2 a6 16.Nc3 g5
17.a4 Ng6 18.Be1 Rf7 19.cxd6 Nxd6 20.Nxd6 cxd6 21.Bf2 Bf8 22.a5 Bd7 23.Na4 Rg7
24.Nb6 Rb8 25.Nxd7 Qxd7 26.Qa4 Qd8 27.Rac1 Qf6 28.Rc3 Nh4 29.h3 Ng6 30.Rfc1 Rd8
31.Rc7 g4 32.fxg4 f3 33.Bxf3 Nf4 34.Qd1 hxg4 35.Bxg4 Qh6 36.Qf3 Be7 37.Be3 Rf8
38.Kh2 Qg6 39.Rc8 Bd8 40.Rf1 Rgf7 41.Bf5  1-0

[Event "Torch Real Estate Cup"]
[Site "Xiapu CHN"]
[Date "2005.06.25"]
[Round "18"]
[White "Yang Ning"]
[Black "Ding Linlin"]
[Result "0-1"]
[WhiteElo "2164"]
[BlackElo "2251"]

1.d4 Nf6 2.c4 g6 3.Nc3 Bg7 4.e4 d6 5.Nf3 O-O 6.Be2 e5 7.O-O Nc6 8.d5 Ne7
9.Nd2 a5 10.a3 Nd7 11.Rb1 f5 12.b4 b6 13.Bb2 f4 14.Bg4 h5 15.Be6+ Kh8 16.Na4 axb4
17.axb4 Ba6 18.Re1 b5 19.Nc3 bxc4 20.b5 Bb7 21.Nxc4 Nc5 22.Bh3 Nc8 23.Ba3 Nb6
24.Bxc5 Nxc4 25.Qd3 Na3 26.Bxa3 Rxa3 27.Qc4 f3 28.b6 cxb6 29.Nb5 Ba6 30.Qc7 Qh4
31.Nxa3 fxg2 32.Bxg2 Qxf2+ 33.Kh1 Bd3 34.Ra1 h4 35.Qxd6 Ra8 36.Qb4 Bf8 37.d6 Be2
38.Rf1 Bxf1 39.Rxf1 Qe3 40.Nb5 h3 41.Bxh3 Qxh3 42.Qc4 Bh6 43.Qe2 Ra2 44.d7 Rxe2
45.d8=Q+ Kh7 46.Rf7+ Bg7 47.Rxg7+ Kxg7 48.Qe7+ Kh6 49.Qf8+ Kg5 50.Qe7+ Kf4
51.Qf7+ Ke3 52.Qb3+ Kf2  0-1

[Event "Friendship IM"]
[Site "Cartak CZE"]
[Date "2005.06.26"]
[Round "11"]
[White "Obsivac,J"]
[Black "Pachta,P"]
[Result "1/2-1/2"]
[WhiteElo "2334"]
[BlackElo "2159"]

1.d4 Nf6 2.c4 g6 3.Nc3 Bg7 4.Nf3 O-O 5.e4 d6 6.Be2 e5 7.O-O Nc6 8.d5 Ne7
9.b4 a5 10.bxa5 Rxa5 11.a4 Ne8 12.Ba3 b6 13.Re1 f5 14.Bb4 Ra8 15.a5 bxa5
16.Rxa5 Rxa5 17.Bxa5 h6 18.Nd2 f4 19.Bg4 g5 20.Nb5 Ng6 21.h3 Rf7 22.Bxc8 Qxc8
23.Qg4 Qd8 24.Na7 Nf6 25.Qc8 Qxc8 26.Nxc8 g4 27.hxg4 Nxg4 28.Rb1 Bf6 29.Rb7 Bd8
30.Rb8 Kg7 31.Nxd6 cxd6 32.Rxd8 Ra7 33.Bb6 Ra1+ 34.Nf1 Nf6 35.Rxd6 Nxe4 36.Rd7+ Kf8
37.Ra7 Rd1 38.Ra2 Ke7 39.Ba5 Kd7 40.Re2 Nd6 41.Rc2 Ne7 42.c5 Nb5 43.c6+ Kc8
44.Rd2 Rxd2 45.Nxd2 Nxd5 46.Nc4 e4 47.Kf1 h5 48.Kg1 Kb8 49.Ne5 Nd4 50.Kf1 Kc8
51.Ke1 h4 52.Kf1 Ne7 53.Bd2 Ndxc6 54.Nxc6 Nxc6 55.Bxf4 Nd4 56.Bg5 Nf5 57.Kg1 Kd7
58.Kh2 Ke6 59.Kh3 Kf7 60.Bxh4 e3  1/2-1/2

[Event "6th EICC"]
[Site "Warsaw POL"]
[Date "2005.06.26"]
[Round "8"]
[White "Thorfinnsson,Br"]
[Black "Rutkowski,M"]
[Result "1-0"]
[WhiteElo "2442"]
[BlackElo "2346"]

1.d4 Nf6 2.Nf3 g6 3.c4 Bg7 4.Nc3 d6 5.e4 O-O 6.Be2 e5 7.O-O Nc6 8.d5 Ne7
9.b4 Nh5 10.Re1 f5 11.Nd2 Nf6 12.a4 fxe4 13.Ndxe4 Nf5 14.Bf1 a5 15.bxa5 Rxa5
16.Ba3 b6 17.Bb4 Ra8 18.a5 bxa5 19.Bxa5 Nxe4 20.Nxe4 Nd4 21.c5 Qd7 22.Bc4 Ba6
23.Qd3 Bxc4 24.Qxc4 Rfb8 25.Bc3 Rxa1 26.Bxa1 Qb5 27.Qa2 Nf5 28.h3 Kh8 29.Bc3 h6
30.Qa5 Rb7 31.Ra1 Kh7 32.Qxb5 Rxb5 33.Ra7 Rb1+ 34.Kh2 dxc5 35.Rxc7 Kg8 36.d6 Rb8
37.d7 Ne7 38.d8=Q+  1-0

[Event "6th EICC"]
[Site "Warsaw POL"]
[Date "2005.06.27"]
[Round "9"]
[White "Pavlovic,Mi"]
[Black "Fedorov,Alex"]
[Result "0-1"]
[WhiteElo "2475"]
[BlackElo "2602"]

1.d4 Nf6 2.c4 g6 3.Nc3 Bg7 4.e4 d6 5.Nf3 O-O 6.Be2 e5 7.O-O Nc6 8.d5 Ne7
9.Ne1 Nd7 10.Be3 f5 11.f3 f4 12.Bf2 g5 13.Rc1 Ng6 14.c5 Nxc5 15.b4 Na6 16.Nb5 Rf7
17.Nd3 Bd7 18.a4 h5 19.Kh1 Qb8 20.Na3 Qd8 21.Nb5 Bf8 22.Nxa7 Rg7 23.b5 Nc5
24.Nxc5 dxc5 25.Nc6 Qf6 26.Qb3 Kh7 27.Nb4 cxb4 28.Rxc7 Be8 29.Rxg7+ Kxg7
30.d6 Qxd6 31.Rd1 Qc7 32.b6 Qc3 33.Qe6 Qc2 34.Rd7+ Bxd7 35.Qxd7+ Kh6  0-1

[Event "2nd RUS Pupils Summer Boys"]
[Site "Satka RUS"]
[Date "2005.06.28"]
[Round "2"]
[White "Rakhmanov,A"]
[Black "Filatov,D"]
[Result "0-1"]
[WhiteElo "2237"]
[BlackElo "2294"]

1.d4 d6 2.Nf3 g6 3.c4 Bg7 4.Nc3 Nf6 5.e4 O-O 6.Be2 e5 7.O-O Nc6 8.d5 Ne7
9.Nd2 a5 10.a3 Nd7 11.Rb1 f5 12.b4 axb4 13.axb4 Nf6 14.f3 c6 15.Kh1 Kh8 16.Nb3 cxd5
17.exd5 f4 18.Ne4 Nf5 19.Qd3 Nxe4 20.fxe4 Qh4 21.Kg1 Bd7 22.Nd2 Nd4 23.Bd1 g5
24.g3 Qh3 25.Bb2 g4 26.Bxd4 exd4 27.Rf2 Be5 28.Rb3 fxg3 29.Rxf8+ Rxf8 30.hxg3 Ba4
31.Rb1 Bxg3  0-1

[Event "33rd World Open"]
[Site "Philadelphia USA"]
[Date "2005.06.30"]
[Round "3"]
[White "Hook,W"]
[Black "Heiser,E"]
[Result "1/2-1/2"]
[WhiteElo "2127"]
[BlackElo "2045"]

1.d4 Nf6 2.c4 g6 3.Nc3 Bg7 4.e4 O-O 5.Be2 d6 6.Nf3 e5 7.O-O Nc6 8.d5 Ne7
9.Ne1 Nd7 10.f3 f5 11.Be3 f4 12.Bf2 g5 13.g4 h5 14.h3 Rf6 15.Nd3 Rh6 16.Kg2 Ng6
17.Rh1 Nh4+ 18.Bxh4 gxh4 19.Nf2 a6 20.Kh2 hxg4 21.fxg4 f3 22.Bxf3 Qg5 23.Nd3 Nc5
24.Nxc5 Qf4+ 25.Kg1 Qg3+ 26.Bg2 Qe3+ 27.Kh2 Qg3+ 28.Kg1 Qe3+ 29.Kh2  1/2-1/2

[Event "6th EICC"]
[Site "Warsaw POL"]
[Date "2005.07.01"]
[Round "13"]
[White "Babula,V"]
[Black "Reinderman,D"]
[Result "1/2-1/2"]
[WhiteElo "2584"]
[BlackElo "2509"]

1.d4 Nf6 2.c4 g6 3.Nc3 Bg7 4.e4 d6 5.Nf3 O-O 6.Be2 e5 7.O-O Nc6 8.d5 Ne7
9.b4 Nh5 10.Re1 f5 11.Ng5 Nf6 12.Bf3 c6 13.Qb3 h6 14.Ne6 Bxe6 15.dxe6 fxe4
16.Nxe4 Nxe4 17.Bxe4 Qc8 18.Rd1 Rd8 19.Qh3 d5 20.Bc2 e4 21.Bxh6 Bxa1 22.Bg5 Bg7
23.Bxe7 Re8 24.Bg5 Qxe6 25.Qxe6+ Rxe6 26.cxd5 cxd5 27.Rxd5 Re5 28.Rxe5 Bxe5
29.Bxe4 Kg7 30.g3 Rb8 31.Kg2 b6 32.b5 Bf6 33.Be3 Rd8 34.Kf3 Bd4 35.Bf4 Re8
36.h4 Re7 37.Bd3 Re8 38.Be4 Re7 39.Bd3 Re8 40.Be4 Re7 41.Bd3  1/2-1/2

[Event "VISUS Open"]
[Site "Prague CZE"]
[Date "2005.07.03"]
[Round "2"]
[White "Eretova,K"]
[Black "Zeleny,T"]
[Result "0-1"]
[WhiteElo "2133"]
[BlackElo "2286"]

1.d4 Nf6 2.Nf3 g6 3.c4 Bg7 4.Nc3 O-O 5.e4 d6 6.Be2 e5 7.O-O Nc6 8.d5 Nd4
9.Nd2 c5 10.Rb1 Ne8 11.Bd3 f5 12.exf5 gxf5 13.f3 Nf6 14.Ne2 Kh8 15.a3 Rg8
16.b4 b6 17.Kh1 Bh6 18.Nb3 Bxc1 19.Qxc1 f4 20.Nd2 Nh5 21.Rg1 Nf5 22.Bxf5 Bxf5
23.Rb2 Rg6 24.Nc3 Qh4 25.Nf1 Bd3 26.g3 fxg3 27.Nxg3 Qxc4 28.Qd2 Qd4 29.bxc5 dxc5
30.Rd1 c4 31.Nge4 Nf6 32.Nxf6 Rxf6 33.Rg1 Raf8  0-1

[Event "34th TCh-GRE"]
[Site "Ermioni Argolidas GRE"]
[Date "2005.07.04"]
[Round "1"]
[White "Dimitrov,A"]
[Black "Michelakis,G"]
[Result "1/2-1/2"]
[WhiteElo "2298"]
[BlackElo "2437"]

1.d4 Nf6 2.Nf3 g6 3.c4 Bg7 4.Nc3 O-O 5.e4 d6 6.Be2 e5 7.O-O Nc6 8.d5 Ne7
9.Nd2 a5 10.b3 Nd7 11.Ba3 f5 12.b4 axb4 13.Bxb4 Nc5 14.a4 Bh6 15.Bxc5 dxc5
16.Nb3 b6 17.a5 fxe4  1/2-1/2

[Event "Open A"]
[Site "Klatovy CZE"]
[Date "2005.07.05"]
[Round "4"]
[White "Trmal,J"]
[Black "Grill,R"]
[Result "1-0"]
[WhiteElo "2293"]
[BlackElo "2167"]

1.d4 Nf6 2.c4 g6 3.Nc3 Bg7 4.e4 O-O 5.Nf3 d6 6.Be2 Nc6 7.O-O e5 8.Be3 Ng4
9.Bg5 f6 10.Bh4 h5 11.dxe5 Ngxe5 12.h3 Nxf3+ 13.Bxf3 Ne5 14.Be2 Be6 15.Nd5 c6
16.f4 Nf7 17.f5 Bxd5 18.exd5 g5 19.Bf2 h4 20.dxc6 bxc6 21.b4 Qe7 22.b5 Rac8
23.a4 Rfe8 24.Re1 Ne5 25.a5 Bf8 26.b6 Qf7 27.Bh5 Qxc4 28.b7  1-0

[Event "VISUS Open"]
[Site "Prague CZE"]
[Date "2005.07.05"]
[Round "4"]
[White "Pilar,M"]
[Black "Havlik,J"]
[Result "1-0"]
[WhiteElo "2289"]
[BlackElo "2185"]

1.d4 Nf6 2.c4 g6 3.Nc3 Bg7 4.e4 d6 5.Nf3 O-O 6.Be2 e5 7.O-O Nc6 8.Be3 Nd7
9.dxe5 Ndxe5 10.Nxe5 dxe5 11.Qxd8 Nxd8 12.Nd5 Ne6 13.Bg4 c6 14.Ne7+ Kh8 15.Nxc8 Rfxc8
16.Bxe6 fxe6 17.Rfd1 Rc7 18.Rd3 Kg8 19.Rad1 b6 20.Kf1 Re8 21.R1d2 Ree7 22.Rd8+ Kf7
23.Ke2 Bf6 24.R2d3 Re8 25.R8d7+ Rxd7 26.Rxd7+ Re7 27.Rd8 Re8 28.Rd6 c5 29.Rd7+ Re7
30.Rd3 Ke8 31.Bd2 Rd7 32.Rf3 Ke7 33.Bc3 a6 34.g4 h5 35.gxh5 gxh5 36.Rh3 h4
37.Rd3 Rxd3 38.Kxd3 Kf7 39.Ke2 Kg6 40.Kf3 Kh5 41.Kg2 Kg4 42.f3+ Kh5 43.Kh3 Kg5
44.Bd2+ Kh5 45.Be1 Bg5 46.b3 Be7 47.Bf2 Bd8 48.Be3 Bc7 49.Bd2 Bd6 50.Bc1 Bb8
51.Be3 Bc7 52.Kg2 Kg6 53.Kf2 Bd8 54.Ke2 Kf7 55.f4 Bc7 56.Kf3 Kf6 57.h3 Kg6
58.Kg4 exf4 59.Bxf4 Bd8 60.Be3 Bf6 61.Bf2 Bd4 62.Bxh4 b5 63.a4 bxa4 64.bxa4 Be3
65.Bg3 Kf6 66.Bf4 Bd4 67.Kh5 Kg7 68.Kg5 Kh7 69.h4 Kg7 70.e5  1-0

[Event "34th TCh-GRE"]
[Site "Ermioni Argolidas GRE"]
[Date "2005.07.06"]
[Round "3"]
[White "Pountzas,H"]
[Black "Haritakis,T"]
[Result "1/2-1/2"]
[WhiteElo "2258"]
[BlackElo "2302"]

1.c4 Nf6 2.Nc3 g6 3.e4 d6 4.d4 Bg7 5.Nf3 O-O 6.Be2 e5 7.O-O Nc6 8.d5 Ne7
9.Ne1 Nd7 10.Be3 f5 11.f3 f4 12.Bf2 g5 13.Rc1 Rf7 14.c5 Nxc5 15.b4 Na6 16.Nd3 Bf8
17.a4 Ng6 18.Nb5 Bd7 19.Qb3 h5 20.h3 Rg7 21.Be1 Nh8 22.Nf2 Nf7 23.Rc4 Nh6
24.Qc3 Be7 25.Nxc7 Nxc7 26.Rxc7 Rc8 27.Rxc8 Bxc8 28.Bd2 g4 29.fxg4 hxg4 30.Rc1 Bd7
31.Nxg4 Nxg4 32.Bxg4 Bxg4 33.hxg4 Rxg4 34.Qh3 Qd7 35.Rc7 Qxc7 36.Qxg4+ Kf8
37.Qf5+ Kg7 38.Qg4+ Kf8  1/2-1/2

[Event "DMP 1st League"]
[Site "Koszalin POL"]
[Date "2005.07.06"]
[Round "2"]
[White "Wesolowska,M"]
[Black "Mlodzinska,I"]
[Result "1-0"]
[WhiteElo "2020"]
[BlackElo "1916"]

1.d4 Nf6 2.c4 g6 3.Nf3 Bg7 4.Nc3 O-O 5.e4 d6 6.Be2 e5 7.O-O Nc6 8.d5 Ne7
9.b4 Nh5 10.c5 Nf4 11.Bxf4 exf4 12.Rc1 h6 13.a4 f5 14.e5 dxe5 15.d6 cxd6
16.cxd6 Nc6 17.Qd5+ Kh8 18.b5 e4 19.bxc6 exf3 20.Bxf3 bxc6 21.Qxc6 Rb8 22.Qc7 Ba6
23.Nb5 Bxb5 24.axb5 Rxb5 25.d7 g5 26.Rfe1 Rb8 27.h3 Bf6 28.Qxa7 Rg8 29.Bd5 Rf8
30.Be6 Ra8 31.Qc7 g4 32.hxg4 fxg4 33.Bxg4 Bh4 34.Qe5+ Qf6 35.Qxf6+ Bxf6 36.Rc8 Bg7
37.Ree8 Ra1+ 38.Kh2  1-0

[Event "VISUS Open"]
[Site "Prague CZE"]
[Date "2005.07.06"]
[Round "5"]
[White "Voloshin,L"]
[Black "Studnicka,T"]
[Result "1-0"]
[WhiteElo "2477"]
[BlackElo "2310"]

1.c4 Nf6 2.Nc3 g6 3.e4 d6 4.d4 Bg7 5.Nf3 O-O 6.Be2 e5 7.O-O Nc6 8.d5 Ne7
9.Bg5 Nh5 10.Ne1 Nf4 11.Nd3 Nxe2+ 12.Qxe2 h6 13.Be3 f5 14.f4 exf4 15.Nxf4 g5
16.Nh5 Be5 17.exf5 Bxf5 18.g4 Bg6 19.Rxf8+ Qxf8 20.Rf1 Qc8 21.Qf3 Bxh5 22.gxh5 Qf8
23.Qe4 Qg7 24.Nb5 Rf8 25.Rxf8+ Qxf8 26.Nxc7 Qf7 27.Qg4 Nf5 28.Bf2 Bxb2 29.Ne6 a6
30.h4 Ng7 31.Nxg7 Qxg7 32.hxg5 Qxg5 33.Qxg5+ hxg5 34.Be3 Bf6 35.Kg2 b5 36.c5 dxc5
37.Bxc5 Bd8 38.Kf3 Kf7 39.Kg4 Kg7 40.Bd4+ Kh6 41.d6 a5 42.d7 b4 43.Bc5 Kg7
44.Bd6 Kh7 45.Bf8 Bf6 46.Kf5 Bd8 47.h6 a4 48.Bg7 b3 49.a3 b2 50.Bxb2 Kxh6
51.Bf6 Ba5 52.Bxg5+ Kg7 53.Ke6 Kf8 54.Bh6+ Kg8 55.Ke7 Bb6 56.Ke8 Kh7 57.Bg5 Kg6
58.Bd8 Be3 59.Bc7 Bg5 60.Bd6 Kf5 61.Be7  1-0

[Event "ch-SWE"]
[Site "Goeteborg SWE"]
[Date "2005.07.07"]
[Round "6"]
[White "Hermansson,E"]
[Black "Olsson,An"]
[Result "1/2-1/2"]
[WhiteElo "2430"]
[BlackElo "2416"]

1.d4 Nf6 2.c4 g6 3.Nc3 Bg7 4.e4 d6 5.Nf3 O-O 6.Be2 e5 7.O-O Nc6 8.d5 Ne7
9.b4 Nh5 10.Re1 f5 11.Ng5 Nf6 12.Bf3 c6 13.Bb2 h6 14.Ne6 Bxe6 15.dxe6 fxe4
16.Nxe4 Nxe4 17.Rxe4 d5 18.cxd5 cxd5 19.Rxe5 Bxe5 20.Bxe5 Rc8 21.Qe2 Qb6
22.Bb2 d4 23.h4 Rf6 24.Re1 Qxb4 25.Rd1 Qc4 26.Qd2 Rd8 27.Qxh6 Qxe6 28.Qg5 Rxf3
29.gxf3 Rd5 30.Qf4 Nc6 31.Kg2 Rd7 32.Rxd4 Nxd4 33.Bxd4 Rxd4 34.Qxd4 Qxa2
35.Qd8+ Kf7 36.Qd7+ Kf6 37.Qxb7 a5 38.Qh7 Qd5 39.Qh8+  1/2-1/2

[Event "DMP 1st League"]
[Site "Koszalin POL"]
[Date "2005.07.07"]
[Round "3"]
[White "Nowak,Mal"]
[Black "Kulon,K"]
[Result "0-1"]
[WhiteElo "1921"]
[BlackElo "2069"]

1.d4 Nf6 2.c4 g6 3.Nc3 Bg7 4.e4 d6 5.Nf3 O-O 6.Be2 e5 7.O-O Nc6 8.d5 Ne7
9.Ne1 Nd7 10.Nd3 f5 11.b4 a5 12.Ba3 axb4 13.Bxb4 b6 14.a4 Nc5 15.Nxc5 dxc5
16.Ba3 Bd7 17.Bc1 Nc8 18.f3 f4 19.Bd2 Nd6 20.Nb5 Nb7 21.Qc2 h5 22.Rfd1 g5
23.Be1 Rf6 24.Bc3 Rg6 25.Qb2 Qe7 26.Nxc7 Rxa4 27.Ne6 Rxa1 28.Qxa1 Bxe6 29.dxe6 Rxe6
30.Qa4 Nd6 31.Qc6 Kh7 32.Qd5 Rg6 33.Ra1 g4 34.Ra8 Nf7 35.Rb8 Qa7 36.Ra8 Qc7
37.Qd1 Qc6 38.Qd5 Qc7 39.Qd1 g3 40.h3 Rd6 41.Qa4 Qe7 42.Re8 Qf6 43.Qa7 Re6
44.Rxe6 Qxe6 45.Qb7 Ng5 46.Bf1 Qd6 47.Qd5 Qc7 48.h4 Nf7 49.Qe6 Nh6 50.Qe8 Qf7
51.Qxf7 Nxf7 52.Bd3 Bf6 53.Bc2 Bxh4 54.Ba4 Bf6 55.Bd7 h4 56.Bb2 Kg7 57.Bc3 Kf8
58.Be6 Ke7 59.Bxf7 Kxf7 60.Kf1 Ke7 61.Ke2 Kd6 62.Bd2 Kc6 63.Bc3  0-1

[Event "DMP 1st League"]
[Site "Koszalin POL"]
[Date "2005.07.07"]
[Round "4"]
[White "Wesolowska,M"]
[Black "Szczepkowska,K"]
[Result "0-1"]
[WhiteElo "2020"]
[BlackElo "2245"]

1.d4 Nf6 2.c4 g6 3.Nc3 Bg7 4.e4 d6 5.Nf3 O-O 6.Be2 e5 7.O-O Nc6 8.d5 Ne7
9.b4 Ne8 10.Be3 h6 11.Rc1 f5 12.exf5 gxf5 13.c5 Ng6 14.Ne1 Qe7 15.f3 Kh7
16.Qc2 Bf6 17.Nb5 Bg5 18.Bxg5 Qxg5 19.cxd6 cxd6 20.Nc7 Nxc7 21.Qxc7+ Kh8
22.Rc2 Qf6 23.b5 Rf7 24.Qc3 b6 25.Nd3 Bb7 26.Nb4 Nf4 27.Bc4 Rg8 28.Kh1 Rfg7
29.Rff2 Qh4 30.Nc6 Kh7 31.Qa1 Nxg2 32.Rxg2 Rxg2 33.Rxg2 Rxg2 34.Kxg2 Qxc4
35.Qb1 Qe2+ 36.Kg3 e4 37.fxe4 fxe4 38.Qb3 h5 39.h3 Bc8 40.Kf4 Qf2+ 41.Kg5 Qf5+
42.Kh4 Qf4+  0-1

[Event "VISUS Open"]
[Site "Prague CZE"]
[Date "2005.07.07"]
[Round "6"]
[White "Pilar,M"]
[Black "Korenek,F"]
[Result "1/2-1/2"]
[WhiteElo "2289"]
[BlackElo "2147"]

1.d4 Nf6 2.Nf3 g6 3.c4 Bg7 4.Nc3 O-O 5.e4 d6 6.Be2 e5 7.O-O Nc6 8.Be3 Ng4
9.Bg5 f6 10.Bh4 Nh6 11.dxe5 dxe5 12.Qxd8 Nxd8 13.Nd5 Ne6 14.Ne7+ Kf7 15.Nxc8 Raxc8
16.Rfd1 Rfd8 17.Rxd8 Rxd8 18.Rd1 Rxd1+ 19.Bxd1 Ng8 20.Ne1 Bf8 21.Kf1 Ne7
22.Ba4 Nc5 23.Bc2 Nc6 24.f3 Ne6 25.Nd3 Nb4 26.Nxb4 Bxb4 27.Bf2 Bc5 28.Be1 Bd4
29.b3 b6 30.Bd2 a5 31.g3 g5 32.Bd1 Bc5 33.Kg2 Bd6 34.Kh3 Kg6 35.Kg2 Kf7  1/2-1/2

[Event "Summer Open"]
[Site "Alushta UKR"]
[Date "2005.07.08"]
[Round "7"]
[White "Zakhartsov,V"]
[Black "Voicu,C"]
[Result "0-1"]
[WhiteElo "2534"]
[BlackElo "2263"]

1.Nf3 Nf6 2.c4 g6 3.Nc3 Bg7 4.e4 d6 5.d4 O-O 6.Be2 e5 7.O-O Nc6 8.d5 Ne7
9.Ne1 Nd7 10.Be3 f5 11.f3 f4 12.Bf2 g5 13.a4 a5 14.Nd3 b6 15.Be1 Nf6 16.Nf2 h5
17.h3 Kh8 18.Nb5 Neg8 19.b4 Nh6 20.c5 bxc5 21.bxc5 Rf7 22.Na3 Bf8 23.Nc4 g4
24.fxg4 hxg4 25.hxg4 Rg7 26.Ra3 Nhxg4 27.Nxg4 Nxg4 28.Rh3+ Kg8 29.Rh4 Nf6
30.Qc2 Qe8 31.Nxa5 Qg6 32.Bf3 dxc5 33.Nc6 Bd6 34.Bc3 Qg5 35.Rh2 Bg4 36.Bd2 c4
37.Kh1 Nh5 38.Be1 Ng3+ 39.Bxg3 fxg3 40.Bxg4 Qxg4 41.Rh6 Rh7 42.Rf6 Bc5  0-1

[Event "Open"]
[Site "Barbera del Valles ESP"]
[Date "2005.07.09"]
[Round "6"]
[White "Panelo,M"]
[Black "Madeira,W"]
[Result "1-0"]
[WhiteElo "2404"]
[BlackElo "2264"]

1.d4 Nf6 2.c4 g6 3.Nc3 Bg7 4.e4 d6 5.Nf3 O-O 6.Be2 e5 7.O-O Nc6 8.d5 Ne7
9.b4 a5 10.Ba3 Ne8 11.c5 axb4 12.Bxb4 Bh6 13.cxd6 cxd6 14.Nd2 f5 15.Nc4 Kh8
16.a4 Ng8 17.Qb3 Ngf6 18.Qa3 Nxe4 19.Nxe4 fxe4 20.a5 Rf6 21.Nb6 Rb8 22.Ra2 Bf5
23.Bd2 Bxd2 24.Rxd2 Rf7 25.Rc1 Rc7 26.Rdd1 h5 27.Rxc7 Qxc7 28.Rc1 Qe7 29.Qe3 Kg7
30.Rc3 Kh7 31.h3 h4 32.Qc1 g5 33.Bh5 Bg6 34.Bg4 Qf6 35.Nd7 Qd8 36.Nxb8 Qxb8
37.Qxg5  1-0

[Event "Open"]
[Site "Condom FRA"]
[Date "2005.07.09"]
[Round "1"]
[White "Van Elst,A"]
[Black "Deschamps,R"]
[Result "1-0"]
[WhiteElo "2263"]
[BlackElo "2057"]

1.d4 Nf6 2.c4 g6 3.Nc3 Bg7 4.e4 O-O 5.Nf3 d6 6.Be2 e5 7.O-O Nc6 8.d5 Ne7
9.Ne1 Ne8 10.Be3 f5 11.f3 f4 12.Bf2 h5 13.c5 g5 14.a4 Rf6 15.cxd6 cxd6 16.a5 Bd7
17.Qb3 g4 18.Qxb7 Rg6 19.Bxa7 Rxa7 20.Qxa7 Nc8 21.Qb7 g3 22.h3 Nc7 23.Bb5 Nxb5
24.Nxb5 Bf8 25.Rc1 Rg7 26.Rc7 Rf7 27.Nc2 Bxb5 28.Rxf7 Bxf1 29.Kxf1 Qxa5 30.Rxf8+ Kxf8
31.Qxc8+ Kf7 32.Qb7+ Kg8 33.Qb4 Qa6+ 34.Ke1 Qd3 35.Qc3 Qa6 36.Kd1  1-0

[Event "Open A"]
[Site "Klatovy CZE"]
[Date "2005.07.09"]
[Round "8"]
[White "Vedral,O"]
[Black "Stluka,F"]
[Result "1/2-1/2"]
[WhiteElo "2252"]
[BlackElo "2121"]

1.d4 Nf6 2.c4 g6 3.Nc3 Bg7 4.e4 d6 5.Nf3 O-O 6.Be2 e5 7.O-O Nc6 8.d5 Ne7
9.Ne1 Nd7 10.Be3 f5 11.f3 Nf6 12.c5 f4 13.Bf2 g5 14.cxd6 cxd6 15.Rc1 Ne8
16.Nd3 Rf7 17.Qb3 Ng6 18.Rc2 h5 19.h3 Bf8 20.Rfc1 g4 21.fxg4 hxg4 22.hxg4 Nh4
23.Nb5 f3 24.gxf3 Nxf3+ 25.Kg2 Bxg4 26.Ne1 Qg5 27.Bg3 Nxe1+ 28.Rxe1 a6 29.Na3  1/2-1/2

[Event "16th Open"]
[Site "Ljubljana SLO"]
[Date "2005.07.09"]
[Round "1"]
[White "Vidic,B"]
[Black "Jankovic,A"]
[Result "0-1"]
[WhiteElo "1998"]
[BlackElo "2475"]

1.d4 Nf6 2.Nf3 g6 3.c4 Bg7 4.Nc3 O-O 5.e4 d6 6.Be2 e5 7.O-O Nc6 8.d5 Ne7
9.Nd2 a5 10.a3 Nd7 11.Rb1 c5 12.Nb5 Ra6 13.Qc2 f5 14.f3 f4 15.Kh1 Nf6 16.Qd1 h5
17.b4 b6 18.Nb3 g5 19.bxa5 bxa5 20.a4 g4 21.Qe1 Ng6 22.Bd2 g3 23.hxg3 Ne8
24.Bd1 Bh6 25.Kg1 Kh7 26.Rb2 Rg8 27.gxf4 Nxf4 28.Bxa5 Qg5 29.Rff2 h4 30.Bd2 Nxg2
31.Kf1 Nf4 32.Bxf4 Qxf4 33.Qc3 h3 34.a5 Qg3 35.Qe1 Qg1+ 36.Ke2 h2 37.Rxh2 Qxh2+  0-1

[Event "16th Open"]
[Site "Ljubljana SLO"]
[Date "2005.07.09"]
[Round "1"]
[White "Nikolov,Sas"]
[Black "Mamak,W"]
[Result "1-0"]
[WhiteElo "2400"]
[BlackElo "1942"]

1.d4 Nf6 2.c4 g6 3.Nc3 Bg7 4.e4 d6 5.Nf3 O-O 6.Be2 e5 7.O-O Nc6 8.d5 Ne7
9.Nd2 Ne8 10.b4 f5 11.c5 Kh8 12.Nc4 Nf6 13.f3 f4 14.a4 g5 15.Ba3 h5 16.b5 Ne8
17.a5 Rf6 18.b6 Ng6 19.bxc7 Qxc7 20.Nb5 Qd7 21.Nbxd6 Nxd6 22.Nxd6 Rxd6 23.cxd6 g4
24.Rc1 g3 25.Rc7 Qd8 26.Qc2 Bf8 27.Rc1 Qh4 28.h3 Bxh3 29.gxh3 g2 30.Bd3 Bxd6
31.Rc8+ Rxc8 32.Qxc8+  1-0

[Event "Open"]
[Site "Condom FRA"]
[Date "2005.07.10"]
[Round "2"]
[White "Sanchez,N"]
[Black "Zimmerman,Y"]
[Result "0-1"]
[WhiteElo "2149"]
[BlackElo "2375"]

1.d4 d6 2.c4 g6 3.Nc3 Bg7 4.e4 Nf6 5.Be2 O-O 6.Nf3 e5 7.O-O Nc6 8.d5 Ne7
9.Ne1 Nd7 10.Nd3 f5 11.f3 f4 12.g4 Bf6 13.b4 Kg7 14.Bd2 Rh8 15.Kg2 h5 16.h3 Bh4
17.Be1 Bxe1 18.Qxe1 g5 19.c5 Nf6 20.Rc1 Ng6 21.cxd6 cxd6 22.Qf2 hxg4 23.hxg4 Nh4+
24.Kg1 Bd7 25.Nb2 Qg8 26.Nc4 Ne8 27.Rfd1 Rh6 28.Kf1 Qh7 29.Ke1 Ng2+ 30.Qxg2 Rh2
31.Qg1 Rh1 32.Kd2 Rxg1 33.Rxg1 Qg6 34.Na5 Nc7 35.a3 Rh8 36.Rg2 b6 37.Nc6 Qe8
38.Nb5 Nxb5 39.Bxb5 Kf6 40.Be2 a6 41.a4 Qa8 42.Bd3 Rh3 43.Be2 a5 44.b5 Qh8
45.Rf1 Rh1 46.Rgf2 Qh3 47.Rxh1 Qxh1 48.Rf1 Qh3 49.Rg1 Qh2 50.Rf1 Qg2 51.Kd3 Qg3
52.Kd2 Bxg4 53.Nxa5 Bh3 54.Rc1 g4 55.Rc3 gxf3 56.Rxf3 Qg2  0-1

[Event "DMP 1st League"]
[Site "Koszalin POL"]
[Date "2005.07.10"]
[Round "7"]
[White "Gajdzica,M"]
[Black "Rutkowski,M"]
[Result "0-1"]
[WhiteElo "2052"]
[BlackElo "2358"]

1.d4 Nf6 2.c4 g6 3.Nc3 Bg7 4.e4 O-O 5.Nf3 d6 6.Be2 e5 7.O-O Nc6 8.d5 Ne7
9.b4 Nh5 10.Re1 f5 11.Ng5 Nf6 12.Bf3 fxe4 13.Ncxe4 Nf5 14.Bb2 a5 15.a3 Nxe4
16.Nxe4 axb4 17.axb4 Rxa1 18.Qxa1 Nd4 19.Bxd4 exd4 20.Qd1 h5 21.Qd2 Re8 22.Bd1 Bf5
23.Bc2 Kh8 24.f4 Re7 25.g3 Qe8 26.Qg2 d3 27.Bxd3 Bc3 28.Kf1 Bxe1 29.Qb2+ Rg7
30.Kxe1 Bxe4 31.Qe2 Re7  0-1

[Event "DMP 1st League"]
[Site "Koszalin POL"]
[Date "2005.07.11"]
[Round "9"]
[White "Wesolowska,M"]
[Black "Gorecka,J"]
[Result "1/2-1/2"]
[WhiteElo "2020"]
[BlackElo "2069"]

1.d4 Nf6 2.c4 g6 3.Nc3 Bg7 4.e4 d6 5.Nf3 O-O 6.Be2 e5 7.O-O Nc6 8.d5 Ne7
9.b4 Nh5 10.c5 Nf4 11.Bxf4 exf4 12.Rc1 a5 13.a3 Bg4 14.Qb3 Bxf3 15.Bxf3 g5
16.Nb5 Be5 17.cxd6 cxd6 18.bxa5 Rxa5 19.Qb4 b6 20.Rc4 Qd7 21.Rb1 Rc8 22.Rxc8+ Nxc8
23.h3 Na7 24.Nxa7 Qxa7 25.Rb3 Ra4 26.Qxb6 Qxb6 27.Rxb6 Rxa3 28.Rb1 Ra2 29.Rd1 Ra4
30.Re1 Bc3 31.Rd1 Kg7 32.Rc1 Bd4 33.Rd1 Kf6 34.Re1 Ra2 35.Be2 Bc3 36.Bc4 Ra4
37.e5+ dxe5 38.Bb3 Rb4 39.Rb1 e4 40.d6 Rd4 41.Rd1 Bd2 42.Bc2 Ke5 43.Kf1 Rxd6
44.Ke2 Bb4 45.Rxd6 Bxd6 46.f3 f5 47.Ba4 exf3+ 48.gxf3 h5 49.Bd7 Bc5 50.Bc8 Be3
51.Bd7 g4 52.fxg4 fxg4 53.hxg4 h4 54.g5 Ke4 55.Bg4 Bd4 56.g6 Bf6 57.Kf2 Bd4+
58.Kg2 Bf6 59.Kh3 f3 60.Bxf3+ Kxf3 61.g7 Bxg7 62.Kxh4  1/2-1/2

[Event "16th Open"]
[Site "Ljubljana SLO"]
[Date "2005.07.11"]
[Round "4"]
[White "Jelen,Ig"]
[Black "Kopczynski,M"]
[Result "1-0"]
[WhiteElo "2334"]
[BlackElo "2147"]

1.d4 Nf6 2.c4 g6 3.Nc3 Bg7 4.e4 d6 5.Nf3 O-O 6.Be2 e5 7.O-O Nc6 8.d5 Ne7
9.b4 Nh5 10.Re1 f5 11.Ng5 Nf4 12.Bxf4 exf4 13.Rc1 h6 14.Ne6 Bxe6 15.dxe6 Bxc3
16.Rxc3 fxe4 17.Bg4 h5 18.Bh3 Qe8 19.Rxe4 g5 20.g3 Qg6 21.Re1 Rf6 22.Bg2 Rxe6
23.Rxe6 Qxe6 24.gxf4 g4 25.Re3 Qf6 26.Bxb7 Rf8 27.Bd5+ Nxd5 28.Qxd5+ Rf7
29.Re8+ Kg7 30.Qxh5 Qxf4 31.Qh8+ Kg6 32.Rg8+ Kf5 33.Qh5+ Ke6 34.Qxg4+ Ke5
35.Rg5+ Kd4 36.Qd1+ Kc3 37.Qb3+ Kd2 38.Rd5+  1-0